Vzácne tlače z františkánskej knižnice v Nižnej Šebastovej

Bibliographic Details
Main Author: Komorová, Klára, 1949- (Author)
Format: Article
Language:Slovak
PhysicalDescription:Obr.
ISBN:978-80-89614-03-5
Subjects:

MARC

LEADER 00000nab a2200000 a 4500
001 vtls010576752
003 SK-MaSNL
005 20260429131442.0
008 140217c2013 xo r 100 00slo
015 |a SNBRA2014/02SVKPO 
038 |a SVKPO 
040 |a SVKPOCL  |b slo  |c SVKPOCL  |e AACR2 
041 0 |a slo  |b ger. 
044 |a xo  |c SK 
080 |a (093/099)  |2 2001 
080 |a 026.021:93/94  |2 2001 
080 |a 017/019  |2 2001 
080 |a (437.671)  |2 2001 
080 |a (048.8)  |2 2001 
100 1 |a Komorová, Klára,  |d 1949-  |4 aut  |9 102797 
245 1 0 |a Vzácne tlače z františkánskej knižnice v Nižnej Šebastovej  |c Klára Komorová 
300 |a Obr. 
504 |a Bibliogr. odkazy 
546 |a Res. nem. 
610 2 7 |a Františkánska knižnica (Nižná Šebastová, Slovensko)  |2 svkpocl  |9 1282099 
650 0 7 |a vzácne tlače  |2 svkpocl  |9 59774 
650 0 7 |a historické knižnice  |2 svkpocl  |9 59776 
651 7 |a Nižná Šebastová (Prešov, Slovensko)  |2 svkpocl  |9 57198 
655 7 |a katalógy  |2 svkpocl  |9 60821 
655 7 |a štúdie  |2 svkpocl  |9 57033 
773 0 |t Kresťanská kultúra a jej miesto v dejinách východného Slovenska II. / Marcela Domenová (ed.)  |d Prešov : Štátna vedecká knižnica, 2013  |g S. 72-86  |z 978-80-89614-03-5 
852 |a SVKPO  |b KIS3GCP 
958 |a SK 
958 |a NB 
958 |a NT 
999 |c 2547921  |d 2549851